<?xml version="1.0" encoding="UTF-8"?>
<record
    xmlns:xsi="http://www.w3.org/2001/XMLSchema-instance"
    xsi:schemaLocation="http://www.loc.gov/MARC21/slim http://www.loc.gov/standards/marcxml/schema/MARC21slim.xsd"
    xmlns="http://www.loc.gov/MARC21/slim">

  <leader>00329nam a2200133Ia 4500</leader>
  <controlfield tag="008">191201s2011    xx            000 0 und d</controlfield>
  <datafield tag="100" ind1=" " ind2=" ">
    <subfield code="a">FOX, Robert W</subfield>
  </datafield>
  <datafield tag="245" ind1=" " ind2="0">
    <subfield code="a">Introduction to Fluid Mechanics</subfield>
  </datafield>
  <datafield tag="250" ind1=" " ind2=" ">
    <subfield code="a">Rep</subfield>
  </datafield>
  <datafield tag="260" ind1=" " ind2=" ">
    <subfield code="a">N. Delhi</subfield>
    <subfield code="b">Wiley Dreautech India</subfield>
    <subfield code="c">2011</subfield>
  </datafield>
  <datafield tag="300" ind1=" " ind2=" ">
    <subfield code="a">754</subfield>
  </datafield>
  <datafield tag="650" ind1=" " ind2=" ">
    <subfield code="a">B.Tech(CE)</subfield>
  </datafield>
  <datafield tag="942" ind1=" " ind2=" ">
    <subfield code="2">ddc</subfield>
    <subfield code="c">BK</subfield>
  </datafield>
  <datafield tag="999" ind1=" " ind2=" ">
    <subfield code="c">5520</subfield>
    <subfield code="d">5520</subfield>
  </datafield>
  <datafield tag="952" ind1=" " ind2=" ">
    <subfield code="0">0</subfield>
    <subfield code="1">0</subfield>
    <subfield code="2">ddc</subfield>
    <subfield code="4">0</subfield>
    <subfield code="7">0</subfield>
    <subfield code="8">BTECHCE</subfield>
    <subfield code="a">PIET</subfield>
    <subfield code="b">PIET</subfield>
    <subfield code="d">2012-09-22</subfield>
    <subfield code="e">IBH, New Delhi</subfield>
    <subfield code="g">579.00</subfield>
    <subfield code="k">11856</subfield>
    <subfield code="l">0</subfield>
    <subfield code="o">620.106 FOF</subfield>
    <subfield code="p">21147</subfield>
    <subfield code="r">2019-12-04 00:00:00</subfield>
    <subfield code="w">2012-09-20</subfield>
    <subfield code="y">BK</subfield>
  </datafield>
  <datafield tag="952" ind1=" " ind2=" ">
    <subfield code="0">0</subfield>
    <subfield code="1">0</subfield>
    <subfield code="2">ddc</subfield>
    <subfield code="4">0</subfield>
    <subfield code="7">0</subfield>
    <subfield code="8">BTECHCE</subfield>
    <subfield code="a">PIET</subfield>
    <subfield code="b">PIET</subfield>
    <subfield code="d">2012-09-22</subfield>
    <subfield code="e">IBH, New Delhi</subfield>
    <subfield code="g">579.00</subfield>
    <subfield code="k">11856</subfield>
    <subfield code="l">0</subfield>
    <subfield code="o">620.106 FOI</subfield>
    <subfield code="p">21148</subfield>
    <subfield code="r">2019-12-04 00:00:00</subfield>
    <subfield code="w">2012-09-20</subfield>
    <subfield code="y">BK</subfield>
  </datafield>
  <datafield tag="952" ind1=" " ind2=" ">
    <subfield code="0">0</subfield>
    <subfield code="1">0</subfield>
    <subfield code="2">ddc</subfield>
    <subfield code="4">0</subfield>
    <subfield code="7">0</subfield>
    <subfield code="8">BTECHCE</subfield>
    <subfield code="a">PIET</subfield>
    <subfield code="b">PIET</subfield>
    <subfield code="d">2012-09-22</subfield>
    <subfield code="e">IBH, New Delhi</subfield>
    <subfield code="g">579.00</subfield>
    <subfield code="k">11856</subfield>
    <subfield code="l">0</subfield>
    <subfield code="o">620.106 FOI</subfield>
    <subfield code="p">21149</subfield>
    <subfield code="r">2019-12-04 00:00:00</subfield>
    <subfield code="w">2012-09-20</subfield>
    <subfield code="y">BK</subfield>
  </datafield>
  <datafield tag="952" ind1=" " ind2=" ">
    <subfield code="0">0</subfield>
    <subfield code="1">0</subfield>
    <subfield code="2">ddc</subfield>
    <subfield code="4">0</subfield>
    <subfield code="7">0</subfield>
    <subfield code="8">BTECHCE</subfield>
    <subfield code="a">PIET</subfield>
    <subfield code="b">PIET</subfield>
    <subfield code="d">2012-09-22</subfield>
    <subfield code="e">IBH, New Delhi</subfield>
    <subfield code="g">579.00</subfield>
    <subfield code="k">11856</subfield>
    <subfield code="l">0</subfield>
    <subfield code="o">620.106 FOF</subfield>
    <subfield code="p">21150</subfield>
    <subfield code="r">2019-12-04 00:00:00</subfield>
    <subfield code="w">2012-09-20</subfield>
    <subfield code="y">BK</subfield>
  </datafield>
  <datafield tag="952" ind1=" " ind2=" ">
    <subfield code="0">0</subfield>
    <subfield code="1">0</subfield>
    <subfield code="2">ddc</subfield>
    <subfield code="4">0</subfield>
    <subfield code="7">0</subfield>
    <subfield code="8">BTECHCE</subfield>
    <subfield code="a">PIET</subfield>
    <subfield code="b">PIET</subfield>
    <subfield code="d">2012-09-22</subfield>
    <subfield code="e">IBH, New Delhi</subfield>
    <subfield code="g">579.00</subfield>
    <subfield code="k">11856</subfield>
    <subfield code="l">1</subfield>
    <subfield code="o">620.106 FOF</subfield>
    <subfield code="p">21151</subfield>
    <subfield code="r">2024-10-14 00:00:00</subfield>
    <subfield code="s">2024-09-30</subfield>
    <subfield code="w">2012-09-20</subfield>
    <subfield code="y">BK</subfield>
  </datafield>
  <datafield tag="952" ind1=" " ind2=" ">
    <subfield code="0">0</subfield>
    <subfield code="1">0</subfield>
    <subfield code="2">ddc</subfield>
    <subfield code="4">0</subfield>
    <subfield code="7">0</subfield>
    <subfield code="8">BTECHCE</subfield>
    <subfield code="a">PIET</subfield>
    <subfield code="b">PIET</subfield>
    <subfield code="d">2012-09-22</subfield>
    <subfield code="e">IBH, New Delhi</subfield>
    <subfield code="g">579.00</subfield>
    <subfield code="k">11856</subfield>
    <subfield code="l">1</subfield>
    <subfield code="o">620.106 FOF</subfield>
    <subfield code="p">21152</subfield>
    <subfield code="r">2021-10-27 00:00:00</subfield>
    <subfield code="s">2021-10-26</subfield>
    <subfield code="w">2012-09-20</subfield>
    <subfield code="y">BK</subfield>
  </datafield>
  <datafield tag="952" ind1=" " ind2=" ">
    <subfield code="0">0</subfield>
    <subfield code="1">0</subfield>
    <subfield code="2">ddc</subfield>
    <subfield code="4">0</subfield>
    <subfield code="7">0</subfield>
    <subfield code="8">BTECHCE</subfield>
    <subfield code="a">PIET</subfield>
    <subfield code="b">PIET</subfield>
    <subfield code="d">2012-09-22</subfield>
    <subfield code="e">IBH, New Delhi</subfield>
    <subfield code="g">579.00</subfield>
    <subfield code="k">11856</subfield>
    <subfield code="l">2</subfield>
    <subfield code="o">620.106 FOF</subfield>
    <subfield code="p">21153</subfield>
    <subfield code="r">2024-10-18 00:00:00</subfield>
    <subfield code="s">2024-09-30</subfield>
    <subfield code="w">2012-09-20</subfield>
    <subfield code="y">BK</subfield>
  </datafield>
  <datafield tag="952" ind1=" " ind2=" ">
    <subfield code="0">0</subfield>
    <subfield code="1">0</subfield>
    <subfield code="2">ddc</subfield>
    <subfield code="4">0</subfield>
    <subfield code="7">0</subfield>
    <subfield code="8">BTECHCE</subfield>
    <subfield code="a">PIET</subfield>
    <subfield code="b">PIET</subfield>
    <subfield code="d">2012-09-22</subfield>
    <subfield code="e">IBH, New Delhi</subfield>
    <subfield code="g">579.00</subfield>
    <subfield code="k">11856</subfield>
    <subfield code="l">0</subfield>
    <subfield code="o">620.106 FOF</subfield>
    <subfield code="p">21154</subfield>
    <subfield code="r">2019-12-04 00:00:00</subfield>
    <subfield code="w">2012-09-20</subfield>
    <subfield code="y">BK</subfield>
  </datafield>
  <datafield tag="952" ind1=" " ind2=" ">
    <subfield code="0">0</subfield>
    <subfield code="1">0</subfield>
    <subfield code="2">ddc</subfield>
    <subfield code="4">0</subfield>
    <subfield code="7">0</subfield>
    <subfield code="8">BTECHCE</subfield>
    <subfield code="a">PIET</subfield>
    <subfield code="b">PIET</subfield>
    <subfield code="d">2012-09-22</subfield>
    <subfield code="e">IBH, New Delhi</subfield>
    <subfield code="g">579.00</subfield>
    <subfield code="k">11856</subfield>
    <subfield code="l">0</subfield>
    <subfield code="o">620.106 FOF</subfield>
    <subfield code="p">21155</subfield>
    <subfield code="r">2023-04-26 00:00:00</subfield>
    <subfield code="w">2012-09-20</subfield>
    <subfield code="y">BK</subfield>
  </datafield>
  <datafield tag="952" ind1=" " ind2=" ">
    <subfield code="0">0</subfield>
    <subfield code="1">0</subfield>
    <subfield code="2">ddc</subfield>
    <subfield code="4">0</subfield>
    <subfield code="7">0</subfield>
    <subfield code="8">BTECHCE</subfield>
    <subfield code="a">PIET</subfield>
    <subfield code="b">PIET</subfield>
    <subfield code="d">2012-09-22</subfield>
    <subfield code="e">IBH, New Delhi</subfield>
    <subfield code="g">579.00</subfield>
    <subfield code="k">11856</subfield>
    <subfield code="l">0</subfield>
    <subfield code="o">620.106 FOF</subfield>
    <subfield code="p">21156</subfield>
    <subfield code="r">2019-12-04 00:00:00</subfield>
    <subfield code="w">2012-09-20</subfield>
    <subfield code="y">BK</subfield>
  </datafield>
</record>
